|
|
|
|
| LEADER |
00000nas a2200000 a 4500 |
| 001 |
ssj0001597 |
| 003 |
WaSeSS |
| 005 |
20200512172242.0 |
| 006 |
m d |
| 007 |
cr n |
| 008 |
760420c19689999dcuqr p s i0 a0eng |
| 010 |
|
|
|a 75648861
|
| 016 |
7 |
|
|a 9879429
|2 DNLM
|
| 016 |
7 |
|
|a F05514000
|2 DNLM
|
| 016 |
7 |
|
|a 008529541
|2 Uk
|
| 022 |
|
|
|y 0015-1947
|
| 030 |
|
|
|a FNDVAM
|
| 032 |
|
|
|a 123250
|b USPS
|
| 035 |
|
|
|a (WaSeSS)ssj0001597
|
| 040 |
|
|
|a DLC
|b eng
|c DLC
|d OCL
|d NSD
|d OCL
|d DLC
|d NSD
|d DLC
|d RCS
|d AIP
|d HUL
|d AIP
|d OCL
|d AIP
|d HUL
|d DLC
|d AIP
|d DLC
|d OCL
|d DLC
|d NSD
|d NST
|d IUL
|d NST
|d AGL
|d NST
|d HUL
|d NST
|d DLC
|d IUL
|d DLC
|d MYG
|d IUL
|d CUS
|d NLM
|d OCLCQ
|d IUL
|d IXA
|d CDS
|d DLC
|d HNK
|d DLC
|d OCLCQ
|d ILI
|d UKMGB
|d OCLCO
|d OCLCQ
|d TULIB
|d DLC
|d OCLCF
|d BEDGE
|d OCLCO
|d OCLCQ
|d CSJ
|d OCLCQ
|d IOG
|d GILDS
|d OCLCO
|d OCLCQ
|d CNO
|d GZL
|d OCLCQ
|d IUL
|d OCLCQ
|d WaSeSS
|
| 042 |
|
|
|a pcc
|a nsdp
|
| 043 |
|
|
|a d------
|
| 050 |
0 |
0 |
|a HG3881
|b .F85
|
| 082 |
0 |
0 |
|a 332.1/5/05
|
| 210 |
0 |
|
|a Finance dev.
|
| 222 |
|
0 |
|a Finance & development
|
| 245 |
0 |
0 |
|a Finance & development
|h [electronic resource].
|
| 246 |
3 |
|
|a Finance and development
|
| 246 |
1 |
|
|i Issues for 2003- also called:
|a F & D
|
| 260 |
|
|
|a [Washington] :
|b [International Monetary Fund and the World Bank, etc.]
|
| 310 |
|
|
|a Quarterly
|
| 362 |
0 |
|
|a Vol. 5 (Mar. 1968)-
|
| 506 |
|
|
|a License restrictions may limit access.
|
| 550 |
|
|
|a "A publication of the International Monetary Fund and the World Bank Group," 1968-Sept. 1975; " ... of the International Monetary Fund and the World Bank," Dec. 1975-
|
| 580 |
|
|
|a Also issued in French, Spanish, and Portuguese editions, 1968- ; in a German edition, 1970- ; in an Arabic edition, 1980- ; and in a Chinese edition, 1983-
|
| 588 |
|
|
|a Latest issue consulted: Vol. 40, no. 3 (Sept. 2003).
|
| 650 |
|
0 |
|a International finance
|v Periodicals.
|
| 650 |
|
0 |
|a Finance
|z Developing countries
|v Periodicals.
|
| 650 |
|
0 |
|a Economic assistance
|z Developing countries
|v Periodicals.
|
| 650 |
|
7 |
|a Pays en développement.
|2 eclas
|
| 650 |
|
7 |
|a Publications périodiques.
|2 eclas
|
| 650 |
|
7 |
|a Finances.
|2 eclas
|
| 650 |
|
7 |
|a Finances internationales.
|2 eclas
|
| 650 |
|
7 |
|a Aide économique.
|2 eclas
|
| 650 |
|
7 |
|a Economic assistance.
|2 fast
|0 (OCoLC)fst00901592
|
| 650 |
|
7 |
|a Finance.
|2 fast
|0 (OCoLC)fst00924349
|
| 650 |
|
7 |
|a International finance.
|2 fast
|0 (OCoLC)fst00976945
|
| 650 |
|
7 |
|a Money
|x Periodicals.
|2 ltcsh
|
| 651 |
|
7 |
|a Developing countries.
|2 fast
|0 (OCoLC)fst01242969
|
| 655 |
|
0 |
|a Electronic journals.
|
| 710 |
2 |
|
|a International Monetary Fund.
|
| 710 |
2 |
|
|a World Bank Group.
|
| 710 |
2 |
|
|a World Bank.
|
| 775 |
1 |
|
|t Finances & développement
|g 1968-
|e fre
|x 0430-473X
|w (DLC)sn 81005565
|w (OCoLC)5187203
|
| 775 |
1 |
|
|t Finance & development. Spanish. Finanzas y desarrollo
|g 1968-
|x 0250-7447
|w (DLC)sn 82001556
|w (OCoLC)8139364
|
| 775 |
1 |
|
|t Finanças & desenvolvimento
|g 1968-1979
|e por
|x 0255-7622
|w (DLC)sn 82001558
|w (OCoLC)8139630
|
| 775 |
1 |
|
|t Finance & development. Portuguese. Finanças & desenvolvimento
|g 1981-
|x 0255-7622
|w (DLC)sn 82001557
|w (OCoLC)8139453
|
| 775 |
1 |
|
|t Finance & development. German. Finanzierung & Entwicklung
|g 1970-
|x 0250-7439
|w (DLC)sn 82001551
|w (OCoLC)8139257
|
| 775 |
1 |
|
|t Finance & development. Arabic. Tamwīl wa-al-tanmiyah
|g 1980-
|x 0250-7455
|w (DLC) 83640293
|w (OCoLC)8525932
|
| 775 |
1 |
|
|t Finance & development. Chinese. Jin rong yu fa zhan
|g 1983-
|x 0256-2561
|w (DLC) 99103427
|w (OCoLC)11477238
|
| 780 |
0 |
0 |
|t Fund and Bank review
|x 1020-4601
|w (DLC)sn 91027476
|w (OCoLC)1570311
|
| 850 |
|
|
|a CU-Riv
|a CU-S
|a CaMBC
|a CaMWUC
|a CaOOEDC
|a CoU
|a DLC
|a DeU
|a IEN
|a InU
|a KMK
|a MH-KG
|a MH-PA
|a NCH
|a NcD
|a NcRS
|a PPiD
|
| 853 |
2 |
0 |
|8 1
|a v.
|b no.
|u 4
|v r
|i (year)
|j (month)
|w q
|x 03
|
| 856 |
4 |
0 |
|z Full text available from Research Library: 12/01/1987 to present
|u https://search.proquest.com/publication/41975
|
| 863 |
4 |
1 |
|8 1.1
|a <40>
|b <1>
|i <2003>
|j <03>
|